000 00465nam a2200181 a 4500
001 1761486480518
003 ACL
005 20251026192010.0
008 251026s2009##################000#0#eng##
020 _a9788171945238
082 0 4 _a658.8702
_bMIS
100 1 _aMishra, S.S,
_eauthor.
245 1 0 _aSocial Accountability In Global Supply Chain Management :
260 _bTaxmann,
_c2009.
300 _a392 pages
942 _cENGLISH
040 _aACL
_beng
_cACL
999 _c594032
_d594032